Statistics for FIFA 15 Team Of The Season Players from Ligue 1

Click here to take the quiz!

General Stats

  • This quiz has been taken 151 times
  • The average score is 12 of 18

Answer Stats

HintAnswer% Correct
CBThiago SilvaPSG
93%
GKSteve MandandaMarseille
91%
STZlatan IbrahimovicPSG
89%
STAlexandre LacazetteOlympique Lyon
84%
CMMarco VerrattiPSG
84%
GKAnthony LopesOlympique Lyon
82%
LBMaxwellPSG
76%
CAMDimitri PayetMarseille
74%
CMBlaise MatuidiPSG
73%
STNabil FekirOlympique Lyon
66%
CMJavier PastorePSG
64%
CBLoic PerrinSaint Etienne
63%
CBSamuel UmtitiOlympique Lyon
59%
CBNicolas NkoulouMarseille
51%
RBMarquinhosPSG
49%
LWMax-Alain GradelSaint Etienne
39%
CDMJeremy ToulalanMonaco
38%
LMAnthony MounierMontpellier
17%

Score Distribution

Percentile by Number Answered

Percent of People with Each Score

Your Score History

You have not taken this quiz